000 00490nam a22001577a 4500
005 20240115073944.0
008 231103b |||||||| |||| 00| 0 eng d
041 _aEnglish
082 _a346.6 GEA
100 _aGeach, WD
_lEnglish
245 _aGuide to the Close Corporations Act and Regulations
_cWD Geach
260 _aCape Town :
_bJuta and Company Ltd,
_c2013
300 _b1030 pages ;
_c27 cm.
650 _aLegal practice
_bLaw
942 _cBK
_6ALISON_BN_VRIES
999 _c279
_d279